[Event "Ouest Toulousain 2007"]
[Site "?"]
[Date "2007.02.20"]
[Round "3.8"]
[White "Lamy, Loïc"]
[Black "Zarrouati, Pierre"]
[Result "1/2-1/2"]
[WhiteElo "2062"]
[BlackElo "2154"]
[Annotator ""]
[Source ""]
[Remark ""]

1.e4 d6 2.d4 g6 3.Nc3 Bg7 4.f4 Nd7 5.Nf3 c5 6.Be3 Qa5 7.Qd2 Ngf6
8.h3 cxd4 9.Bxd4 e5 10.fxe5 dxe5 11.Be3 O-O 12.Nb5 Qa4 13.Nc3
Qb4 14.Bd3 a6 15.O-O b6 16.Nd5 Nxd5 17.exd5 Qxb2 18.a3 e4 19.Bxe4
Nc5 20.Bxc5 bxc5 21.d6 Ra7 22.Rab1 Qxa3 23.Rb8 Qc3 24.Qxc3 Bxc3
25.Bd5 h6 26.Ne1 a5 27.Nd3 a4 28.Kh1 a3 29.Nxc5 a2 30.Bxa2 Rxa2
31.d7 Bxd7 32.Rxf8+ Kxf8 33.Nxd7+ Ke7 34.Nb6 Rxc2 35.Nd5+ Ke6
36.Nxc3 Rxc3 37.Rf2 f5 38.Kh2 Ke5 39.Re2+ Kf6 40.Ra2 Re3 41.Rb2
g5 42.Rb6+ Re6 43.Rb2 h5 44.Rf2 h4 45.Ra2 Re3 46.Rb2 Ke5 47.Ra2
Ke4 48.Ra4+ Ke5 49.Ra2 Kf4 50.Rf2+ Ke4 51.Ra2 1/2-1/2

[Event "Ouest Toulousain 2007"]
[Site "?"]
[Date "2007.02.20"]
[Round "3.12"]
[White "Iwanesko, Alexandre"]
[Black "Jung, Pascal"]
[Result "1-0"]
[WhiteElo "1842"]
[BlackElo "2027"]
[Annotator ""]
[Source ""]
[Remark ""]

1.Nf3 Nf6 2.c4 e6 3.Nc3 d5 4.cxd5 exd5 5.d4 h6 6.Bf4 c6 7.Qc2
Nbd7 8.e3 Be7 9.Bd3 a5 10.O-O O-O 11.Rab1 Re8 12.Nb5 Nf8 13.Nc7
Ne6 14.Nxe8 Qxe8 15.Bg3 g6 16.Ne5 Ng7 17.h3 Be6 18.Rbc1 Nf5 19.Bh2
h5 20.a3 Nh7 21.b4 Ng5 22.Be2 Nh4 23.bxa5 Rxa5 24.Qb3 Bc8 25.a4
Kg7 26.Nd3 Ne4 27.Rfd1 f6 28.Nc5 Nxc5 29.dxc5 Rxc5 30.Rxc5 Bxc5
31.Rc1 Qe4 32.Bf1 Ba7 33.Qc2 Qe7 34.a5 Nf5 35.Kh1 Nd6 36.Bd3
f5 37.a6 Kh7 38.Rb1 Bb8 39.axb7 Bd7 40.Qc5 Qe6 41.Bxd6 Bxd6 42.Qxd6 1-0

[Event "Ouest Toulousain 2007"]
[Site "?"]
[Date "2007.02.21"]
[Round "4.2"]
[White "Lejarre, Ludovic"]
[Black "Meijers, Viesturs"]
[Result "1-0"]
[WhiteElo "2331"]
[BlackElo "2453"]
[Annotator ""]
[Source ""]
[Remark ""]

1.e4 c5 2.Nf3 e6 3.Nc3 a6 4.d4 cxd4 5.Nxd4 b5 6.Bd3 Bb7 7.O-O
Nf6 8.Qe2 b4 9.Nb1 Qc7 10.c4 h5 11.h3 h4 12.Nd2 Nc6 13.Nxc6 Qxc6
14.Re1 Bd6 15.Nf3 Nh5 16.e5 Bc5 17.Qc2 f5 18.exf6 Nxf6 19.Bg6+
Kf8 20.Bg5 Rc8 21.Bxf6 gxf6 22.Be4 Qc7 23.Bxb7 Qxb7 24.Qg6 Be7
25.Re4 Rg8 26.Qh6+ Kf7 27.Qh5+ Kf8 28.Rg4 Rxg4 29.Qxg4 f5 30.Qg6
Rc5 31.Re1 Qc7 32.Qh6+ Kg8 33.b3 Ra5 34.Re2 Rc5 35.Nxh4 Bxh4
36.Qxh4 f4 37.Qe7 Re5 38.Rd2 Re1+ 39.Kh2 f3+ 40.g3 Qe5 41.Qd8+
Kg7 42.Rxd7+ Kh6 43.Qf8+ Kg6 44.Qg8+ Kf5 45.Qh7+ 1-0

[Event "Ouest Toulousain 2007"]
[Site "?"]
[Date "2007.02.23"]
[Round "7.12"]
[White "Pastorelli, Loïc"]
[Black "Lamy, Loïc"]
[Result "1-0"]
[WhiteElo "1808"]
[BlackElo "2062"]
[Annotator ""]
[Source ""]
[Remark ""]

1.Nf3 Nf6 2.c4 c5 3.e3 e6 4.Be2 g6 5.O-O Bg7 6.Nc3 O-O 7.d4 d6
8.a3 Nc6 9.h3 h6 10.Rb1 e5 11.d5 Ne7 12.e4 Nh7 13.b4 b6 14.Nh2
f5 15.Bb2 fxe4 16.Nxe4 Nf5 17.Nf3 Nd4 18.Nxd4 exd4 19.Bg4 Rf4
20.Bxc8 Rxc8 21.Qd3 Be5 22.Bc1 Rf7 23.f4 Bg7 24.Bd2 Nf6 25.Ng3
Kh7 26.Rbe1 b5 27.Re6 bxc4 28.Qxc4 cxb4 29.Qxb4 Nxd5 30.Qxd6
Rd7 31.Qa6 Nc7 32.Qe2 Nxe6 33.Qxe6 Rc2 34.Bb4 d3 35.f5 d2 36.Qxg6+
Kh8 37.f6 Qxf6 38.Qe8+ Kh7 39.Qxd7 Qd4+ 40.Qxd4 Bxd4+ 41.Kh2
Be3 42.Bxd2 Rxd2 43.Rf3 Bc5 44.Ne4 Bd6+ 45.Nxd6 Rxd6 46.Rf7+
Kg6 47.Rxa7 Kg5 48.Ra4 Rd5 49.Rb4 Rd2 50.a4 h5 51.h4+ Kf5 52.Rb5+
Kg4 53.Rb4+ Kf5 54.Kg3 Rd3+ 55.Kf2 Ra3 56.g3 Rc3 57.Rb5+ Kg4
58.Rg5+ Kh3 59.a5 Ra3 60.Ke2 Ra4 61.Kd3 Ra3+ 62.Kc4 Ra1 63.Kb5
Ra2 64.Kc6 Ra1 65.Kd6 Re1 66.Kc6 Rc1+ 67.Kb6 Rb1+ 68.Rb5 Rf1
69.Rxh5 Kxg3 70.Rh7 Rb1+ 71.Ka7 Kg4 72.a6 Rb2 73.Rb7 Rf2 74.Rb4+
Kh5 75.Rc4 Rb2 76.Ka8 Rb1 77.a7 Rb2 78.Rc5+ Kxh4 79.Rc8 Kh3 80.Rb8 1-0

[Event "Ouest Toulousain 2007"]
[Site "?"]
[Date "2007.02.24"]
[Round "8.5"]
[White "Lacroix, Romain"]
[Black "Constantin, David"]
[Result "1/2-1/2"]
[WhiteElo "2123"]
[BlackElo "2083"]
[Annotator ""]
[Source ""]
[Remark ""]

{UN CLOUAGE QUI N'EN EST PAS UN} 1.e4 c5 2.Nc3 e6 3.g3 d5 4.exd5
exd5 5.d4 Nf6 6.Bg5 {%08DA} Bg4 {??} {Une grosse erreur classique ! Les noirs perdent une pièce car le clouage du cavalier est "bidon".}
7.Bxf6 {Elémentaire mon cher David!} Bxd1 8.Bxd8 Bxc2 9.Bg5 cxd4
10.Nb5 Kd7 11.Bh3+ f5 12.Rc1 {
 Les blancs ont une pièce de plus, et ils sont même mieux développés que les
noirs. Au vu de cette situation, on pourrait penser que la victoire est assurée
pour les blancs, et sans grand effort... Mais vous verrez que ce n'est pas si facile!}
Bb4+ 13.Bd2 Re8+ 14.Ne2 Bd3 15.Nbxd4 Nc6 16.Bxf5+ {Ici, les blancs avaient le choix entre de nombreuses suites. Voici par exemple la suite donnée par Fritz:}
( 16.Rxc6 Rxe2+ 17.Nxe2 Re8 18.Bxf5+ Bxf5 19.Bxb4 bxc6 20.Kd2 {+5.50} )
Bxf5 17.Nxf5 g6 18.Ne3 d4 19.Nd5 d3 20.Nf6+ Kd6 21.Nxe8+ Rxe8
22.Rxc6+ Kxc6 23.Bxb4 Rxe2+ 24.Kf1 Rxb2 25.a3 Kb5 26.Kg2 a5 27.Bf8
Kc4 28.Kf3 Kb3 29.Rc1 Rc2 30.Rd1 Rc8 31.Bh6 Rd8 32.Ke3 Kc2 33.Rd2+
Kc3 34.Bg7+ Kc4 35.f4 b5 36.g4 Rd5 37.Ke4 h5 38.h3 hxg4 39.hxg4
Rd7 40.Be5 b4 41.axb4 axb4 42.f5 gxf5+ 43.gxf5 Rh7 44.f6 b3 45.Rxd3
Rh4+ 46.Bf4 b2 {Les noirs ne commettent pas l'erreur en jouant la suite si tentante au premier abord:}
( 46...Rxf4+ 47.Kxf4 Kxd3 48.f7 b2 49.f8Q b1Q 50.Qf5+ {et ils perdent la dame et la partie. Mais David a vu cela!}
) 47.Rd1 Kb3 48.f7 Rh8 49.Rb1 Rf8 50.Be5 Rxf7 {
 Et voilà le travail! En l'absence de tout pion, la finale T+F contre Tour est
nulle à 99% sinon 100% sauf évidemment grosses imprécisions du plus démuni en matériel.}
51.Rxb2+ Kc4 52.Rc2+ Kb3 53.Rc3+ Kb4 54.Rc8 Rd7 55.Bd4 Re7+ 56.Kd3
Rb7 57.Rc1 Kb5 58.Rc5+ Kb4 59.Rh5 Rf7 60.Rh1 Rf3+ 61.Be3 Kb5
62.Rc1 Rf5 63.Rb1+ Kc6 64.Rb6+ Kd5 65.Rb4 Rf3 66.Rb5+ Kc6 67.Rh5
Rf8 68.Kc4 Rf1 69.Rh6+ Kd7 70.Kd5 Rd1+ 71.Bd4 Re1 72.Ra6 Rc1
73.Rd6+ Kc7 74.Rh6 Rc2 75.Rh7+ Kc8 76.Bc5 Re2 77.Kc6 Kd8 78.Rh8+
Re8 79.Bb6+ Ke7 80.Bc5+ Kf7 1/2-1/2

[Event "Poussins"]
[Site "?"]
[Date "2007.??.??"]
[Round "4"]
[White "Broly Jean-Christophe"]
[Black "Grezels Florian"]
[Result "0-1"]
[WhiteElo "1420"]
[BlackElo "1270"]
[Annotator ",Michko"]
[Source ""]
[Remark ""]

{La partie décisive pour l'attribution du titre pupille. Les 2 adversaires sont
très concentrés et, fait notable dans cette catégorie, prennent leur temps pour jouer et notent correctement leurs parties.} 1.d4
d5 2.c4 c6 3.Nc3 Nf6 4.Nf3 e6 5.e3 Nbd7 6.Bd2 Be7 7.Bd3 O-O 8.O-O
dxc4 9.Bxc4 c5 10.Re1 Re8 11.b3 b6 12.Qc2 Bb7 13.Be2 Nf8 14.a3
Rc8 15.Rab1 Ba8 16.Qd3 Ng6 17.dxc5 Qxd3 18.Bxd3 Bxc5 19.Be2 Bxa3
20.Nb5 Be7 21.Nxa7 Rcd8 22.Nb5 {?} Bxf3 23.Nc7 Rf8 24.Bxf3 Rxd2
25.Nb5 Bb4 26.Rf1 Rdd8 27.Nd4 Bc5 28.Rfd1 Bxd4 29.exd4 Rd7 30.Rbc1
Rfd8 31.Rc4 Ne5 32.Rc3 Nxf3+ 33.Rxf3 Rxd4 34.Rf1 Rd1 35.h3 Rxf1+
36.Kxf1 Ne4 37.Ke2 Nc5 38.b4 Nb7 39.Rc3 f5 40.f4 b5 41.g4 fxg4
42.hxg4 h6 43.Re3 Kf7 44.Kf3 g5 45.fxg5 hxg5 46.Kg3 Ke7 47.Kf2
Rf8+ 48.Ke2 Rf4 49.Rc3 Kf6 50.Rf3 Rxf3 51.Kxf3 Nd6 52.Ke3 Ke5
53.Kd3 Kf4 54.Ke2 Kxg4 {et les Blancs se firent mater 10 coups plus tard.}
 0-1

[Event "Pupilles"]
[Site "?"]
[Date "2007.??.??"]
[Round "2"]
[White "Sadones Thibaut"]
[Black "Mosset-Cancel Yohann"]
[Result "1-0"]
[WhiteElo "1400"]
[BlackElo "1350"]
[Annotator ",Michko"]
[Source ""]
[Remark ""]

1.e4 e5 2.Nf3 Nc6 3.Bc4 Nf6 4.Ng5 {
Thibaut Sadones d'Auch a mené très longtemps dans sa catégorie (les pupilles)
malgré une tendance certaine à jouer beaucoup trop rapidement. Nous avons ici un exemple de son style expéditif.}
d5 5.exd5 Nxd5 {?!} {un coup risqué si on ne connait pas parfaitement les complications issues du sacrifice en f7.}
( 5...Na5 6.Bb5+ c6 7.dxc6 bxc6 8.Be2 h6 9.Nf3 e4 10.Ne5 Bd6
{est la grande variante de cete vieille ligne du "fegatello" avec des compensations noires pour le pion manquant.}
) 6.Nxf7 {!} Kxf7 7.Qf3+ Ke6 {le seul coup} 8.Nc3 Nce7
( 8...Ncb4 {!} 9.Bb3 ( 9.a3 Nxc2+ 10.Kf1 c6 11.Rb1 Nd4 $17 )
c6 10.a3 Na6 { et le jeu est franchement incertain.} ) 9.Nxd5
( 9.d4 {!} c6 ( 9...exd4 10.Nxd5 Nxd5 11.Qe4+ $16 ) 10.dxe5 Kd7
11.Bg5 $44 ) Nxd5 10.d4 Bd6 {??} ( 10...c6 ) 11.dxe5 {?} {un exemple de coup joué "a tempo"}
( 11.Bxd5+ Kd7 12.Qf5+ Ke8 13.Qf7# ) Bxe5 12.Qe4 Qd6 13.O-O c6
14.f4 Qc5+ {?} {
Stressé par la position délicate de son roi, Johann  se laisse entraîner par le
rythme de son adversaire et accumule les fautes dans une position difficile .}
15.Be3 Kd7 {?} 16.Bxc5 {Les Noirs abandonnent.} 1-0

[Event "Pupilles"]
[Site "?"]
[Date "2007.??.??"]
[Round "3"]
[White "Bouet Arnaud"]
[Black "Roques Olivier"]
[Result "1-0"]
[WhiteElo "1480"]
[BlackElo "1370"]
[Annotator ",Michko"]
[Source ""]
[Remark ""]

{Cette partie entre les 2 co-vainqueurs a certainement empêché Olivier (dont le
elo est très nettement sous-estimé, voir ses 1730 en rapide) de remporter le
tournoi sur un sans-faute. Arnaud a craqué plus tard en perdant une très
mauvaise partie (pour lui) contre un Axel Labat revenu en forme, 3ème au
départage Solkoff du tournoi mais malchanceux contre Armand Jouanneau aux rapides de départage pour la place qualificative.} 1.c4
f5 2.Nf3 Nf6 3.d4 e6 4.Nc3 c6 5.Bf4 d5 {
 Olivier est , avec les Blancs comme avec les Noirs, un adepte de la formation
"stonewall" dont il sent assez bien les finesses. Crédit doit être porté à
Liberto Masot (de Foix) qui lui avait enseigné -ainsi qu'à Jolanthe Verwaerde-
alors qu'ils étaient en Corse pour les championnats poussins il y a 2 ans et
qu'ils attendaient pendant 3 jours le début de leur tournoi.}
6.e3 Bd7 7.Bd3 Be7 8.O-O O-O 9.Ne5 ( 9.Qb3 { contre l'autre élève de Liberto}
{qui répliqua par} b6 10.c5 { curieux mais intéressant}
( 10.Rac1 ) Be8 11.a4 Nbd7 12.Rfe1 {?} ( 12.cxb6 ) bxc5 13.Re2
{?!} cxd4 ( 13...c4 $17 ) 14.Nxd4 ( 14.exd4 ) Bf7 {?!} 15.Nxc6
Qe8 16.Nxe7+ {?!} ( 16.Nb5 $16 ) Qxe7 17.Nb5 {?!} ( 17.Qb7 )
Qd8 {?!} ( 17...e5 {!} $17 ) 18.Rc2 ( 18.Bd6 $16 ) e5 19.Bg3
e4 ( 19...Ne4 ) 20.Be2 ( 20.Bc7 $14 ) d4 21.Nxd4 {??}
( 21.Bc4 $14 ) Bxb3 22.Nxb3 {
 et les Noirs gagnèrent 20 coups plus tard cette comédie d'erreurs entre
Ophélie Bédos et Jolanthe Verwaerde lors de la 2ème ronde du tournoi pupillettes du même championnat... 0-1, 42 coups.}
) Be8 ( 9...Ne4 10.f3 Nxc3 11.bxc3 $14 ) 10.cxd5 {!} { Le bon moment pour échanger car le pion f5 est en l'air sur l'autre reprise.}
cxd5 11.Be2 {?!} ( 11.Qb3 $14 {est plus fort .} ) Nbd7 12.Rc1
( 12.Nd3 {gardant le contrôle de la case forte et évitant les échanges qui favorisent le camp manquant d'espace;}
) Nb6 13.Nf3 a6 14.Ng5 Bf7 15.Bd3 Ne4 16.Ngxe4 dxe4
( 16...fxe4 ) 17.Bc2 Nd5 18.Ne2 {?!} ( 18.Nxd5 $7 exd5 19.Bb3 )
Bh5 {!} {Les Noirs ont résolu tous leurs problèmes de mauvais fou - sorti de la chaine
de pions-, de manque d'espace - création d'une case forte en d5- et ont déjà un petit avantage.}
19.Be5 Bf6 20.Qd2 Bxe5 21.dxe5 {%08DA} Qg5 ( 21...Nf4 {!} { eut donné un avantage décisif aux Noirs.}
{Par exemple} 22.Nd4 Ne2+ {!} { gagne une qualité.} ) 22.Ng3
Bg6 23.Rfe1 Rad8 24.Qe2 Qh4 25.f4 exf3 26.Qxf3 Be8
( 26...f4 {!} $17 27.exf4 Nxf4 ) 27.e4 f4 {?} ( 27...fxe4 28.Qxe4
Qh6 $15 ) 28.exd5 ( 28.Nf5 {!} $16 ) fxg3 29.Qxg3 Qxg3 30.hxg3
Rxd5 ( 30...exd5 { donne aussi une petite initiative blanche, par exemple:}
31.e6 Rf6 32.e7 Rd7 33.Bb3 Kf7 34.Re5 Rxe7 35.Bxd5+ Kf8 36.Rxe7
Kxe7 37.Bxb7 Rb6 38.Rc7+ ) 31.Bb3 Rd2 32.Bxe6+ Bf7 33.Bxf7+ Rxf7
{?!} ( 33...Kxf7 34.Rc7+ Ke6 35.Rxb7 Rff2 36.Rb6+ Ke7 {}
( 36...Kf5 37.Rf1 $14 ) ) 34.e6 Re7 {??} ( 34...Rf8 ) 35.Rc8+ 1-0

[Event "Benjamins"]
[Site "?"]
[Date "2007.??.??"]
[Round "6"]
[White "Toullec Renan"]
[Black "Boukhris Yacine"]
[Result "0-1"]
[WhiteElo "1580"]
[BlackElo "1840"]
[Annotator ",Michko"]
[Source ""]
[Remark ""]

{Cette partie entre les 2 leaders "historiques" de cette catégorie a quasiment
valeur de finale. Depuis quelque temps Yacine prend le dessus sur Renan dont
l'excellente compréhension de certaines phases de la partie (les finales de
tours par exemple) n'est malheureusement pas épaulée par un travail en profondeur sur la stratégie dans les ouvertures.} 1.e4
c5 2.d4 {!?} { Une nouveauté dans le style habituellement très "technique" de Renan.}
cxd4 3.c3 d3 {!?} {Il est compréhensible de ne pas vouloir rentrer dans la préparation possible de l'adversaire.}
4.Bxd3 Nc6 5.Nf3 {?!} ( 5.c4 {!} ) d6 ( 5...d5 {!} {est considéré comme égalisant pour les Noirs;}
) 6.Bf4 e5 { active la majorité noire centrale mais tolère un pion d6 arriéré.}
7.Bg5 ( 7.Be3 ) Be7 8.Bxe7 {Dommage d'échanger ainsi le mauvais fou des Noirs.}
Ngxe7 9.Nbd2 O-O 10.Qc2 Kh8 11.O-O g6 12.Rfe1 f5 13.Nf1 f4 {
les Noirs ont un plan alors que celui des Blancs n'est pas encore visible...A
noter que les logiciels apprécient peu ce type d'expansion noire.}
14.Rad1 Ng8 15.h3 g5 16.N1h2 ( 16.Bb5 $16 {d'après Fritz 8....qui considère que la pression potentielle sur d6 est plus importante que l'attaque sur l'aile-roi.}
) h5 17.Be2 Rf7 ( 17...g4 {semble bon de suite.} ) 18.Kh1 g4
19.hxg4 {?} { Une faute décisive, il ne faut surtout pas ouvrir les lignes;}
( 19.Ng1 Rg7 20.Bc4 Qg5 $13 { et si la position noire semble menaçante, la partie reste très compliquée.}
) hxg4 $17 20.Nd2 Qh4 21.Kg1 Rh7 22.Ndf1 g3 23.fxg3 fxg3 24.Qd3
$19 gxh2+ 25.Kh1 Rh6 26.Bf3 Bg4 27.Bxg4 Qxg4 28.Re3 Qe6 29.b3
Nf6 30.Rd2 Rg8 31.Rde2 Ne7 32.Rg3 Ng6 33.Qd2 Nf4 34.Rxg8+ Kxg8
35.Re3 Rg6 36.Rg3 Rxg3 37.Nxg3 Ng4 38.Nf5 Kh8 39.Ne3 Nxe3 40.Qxe3
Qg4 41.Kxh2 Qxg2# 0-1

[Event "Benjamins"]
[Site "?"]
[Date "2007.??.??"]
[Round "4"]
[White "Roig Lucas"]
[Black "Villeneuve Samuel"]
[Result "*"]
[WhiteElo "1470"]
[BlackElo "1620"]
[Annotator ",Michko"]
[Source ""]
[Remark ""]

1.e4 e6 2.d4 d5 3.e5 c5 4.c3 Nc6 5.Bb5 {?!} {
Une grosse erreur stratégique: Avec ce coup, à terme, les Blancs se condamnent
à l'échange de leur meilleure pièce mineure dans ce type de position (le fou de
case Blanche dont la diagonale de prédilection sera c2-h7) et perdent pratiquement tout espoir d'initiative.}
Qb6 ( 5...Bd7 {!?} { par exemple} 6.Nf3 Nxe5 {!} {gagne un pion...} )
6.Bxc6+ bxc6 7.Nf3 Ba6 8.b3 cxd4 9.cxd4 f6 {peut-être un peu ambitieux.}
10.Be3 ( 10.Nc3 {!} c5 ( 10...Bb4 11.Bd2 ) 11.Na4 Qc7 $13 ) fxe5
( 10...Bb4+ ) 11.Nxe5 Bb4+ 12.Nd2 Nf6 13.Rc1 ( 13.a3 {!} { semblait forcer les Noirs à relâcher un peu la tension, par exemple:}
Bxd2+ 14.Qxd2 Qxb3 15.Qc1 O-O 16.Rb1 Qa2 17.Qb2 { avec une égalité approximative due à la force du cavalier blanc en e5.}
) Rc8 14.f3 O-O 15.Rc2 c5 {!} { l'ouverture de lignes décisive sur le roi au centre.}
16.dxc5 Bxc5 17.Bxc5 Rxc5 18.Rxc5 Qxc5 19.g4 Qe3+ *

[Event "Benjamins"]
[Site "?"]
[Date "2007.??.??"]
[Round "5"]
[White "Villeneuve Samuel"]
[Black "Toullec Renan"]
[Result "1-0"]
[WhiteElo "1620"]
[BlackElo "1520"]
[Annotator "Michko"]
[Source ""]
[Remark ""]

1.e4 e5 2.Nf3 Nc6 3.Bb5 d6 { L'antique défense Steinitz de la partie Espagnole;}
4.O-O ( 4.d4 { est la suite classique} Bd7 5.Nc3 Nf6 6.O-O Be7
{ avec la vieille suite piégeuse de Tarrasch} 7.Re1 {qui sur le fautif}
O-O {?} ( 7...exd4 { avec un petit avantage Blanc stable, la prépondérance centrale.}
) 8.Bxc6 Bxc6 9.dxe5 dxe5 10.Qxd8 Rfxd8 11.Nxe5 {gagne un pion.} )
Bd7 5.c3 Nf6 6.Re1 Be7 7.d4 exd4 {?!} {
Renan a tendance à fuir les complications et ici il donne l'avantage à son
adversaire en le développant (la case c3 se libère pour le cavalier).}
8.cxd4 O-O 9.e5 {?!} ( 9.Nc3 {!} $16 ) dxe5 {?} ( 9...Nd5 { semble tenir pour les Noirs}
) 10.dxe5 Ne8 ( 10...Nxe5 {?} {ne marche pas du tout} 11.Rxe5
{!} Bxb5 12.Qxd8 Raxd8 13.Rxe7 ) 11.Nc3 a6 12.Ba4 b5 13.Bb3 Na5
14.Nd5 Bc5 {?} ( 14...Nxb3 ) 15.Bg5 Qb8 16.Ne7+ Bxe7
( 16...Kh8 17.Qxd7 ) 17.Bxe7 Nxb3 18.axb3 Be6 19.Bxf8 Kxf8 20.Ng5
Kg8 21.Nxe6 fxe6 22.Qf3 ( 22.Qd7 {!} ) Qc8 23.Re4 g6 24.Rd1 Ng7
25.g4 Qb7 26.Rf4 Qxf3 27.Rxf3 $18 Rc8 28.Rd7 h6 29.Rff7 Ne8 30.Rfe7
g5 31.Rxe6 a5 32.Ra6 a4 33.bxa4 bxa4 34.Rg6+ Kf8 35.Rxh6 c5 36.Rh8# 1-0

[Event "Minimes"]
[Site "?"]
[Date "2007.??.??"]
[Round "2"]
[White "Muratet Lucas"]
[Black "Labat Jory"]
[Result "1-0"]
[WhiteElo "1809"]
[BlackElo "1830"]
[Annotator ",Michko"]
[Source ""]
[Remark ""]

1.e4 e6 {A ce stade, tout est possible pour les 2 joueurs. Jory a d'ailleurs joué
crânement sa chance pour l'une des 2 places qualificatives jusqu'à la fin du
tournoi (il refuse la nulle à la dernière ronde à Janis Ouerk car ce n'est pas
suffisant pour le Grand Bornand) sans se décourager malgré cette défaite.}
2.d4 d5 3.Nc3 Bb4 4.e5 c5 5.a3 Bxc3+ 6.bxc3 Nc6 { Un coup un peu inhabituel.}
( 6...Ne7 {est la grande ligne} ) ( 6...Qa5 ) ( 6...Qc7 {ligne qui a eu son heure de gloire à la grande époque des Smyslov, Tal et Fischer sont encore utilisés.}
) 7.Nf3 ( 7.Qg4 {!} { est probablement la ligne qui teste le plus l'idée noire car ceux-ci sont forçés de faire des compromis.}
g6 ( 7...Kf8 ) 8.Nf3 { avec un avantage blanc durable.} ) Nge7
8.Bd3 Bd7 9.h4 {!?} {
une idée théma tique dans ce type de position, les Blancs ont l'intention
d'amplifier l'avantage d'espace et le contrôle des cases noires de l'aile roi
que leur ont procurées la disparition du fou f8 et l'avancée du pion en e5.}
cxd4 ( 9...Qa5 10.Bd2 Qa4 {est une autre idée, appuyant sur la case d4}
11.h5 cxd4 12.Rh4 {!} ) 10.cxd4 Nf5 11.c3 a5 {?!} ( 11...Qc7
12.Rb1 ( 12.Bd2 Na5 ) Na5 13.h5 h6 $13 ) 12.h5 Qc7 13.g4 Nfe7
14.h6 g6 15.Bg5 $16 {Grâce à la domination blanche sur les cases noires, l'avantage blanc est écrasant.}
Ng8 16.a4 Na7 17.Qb3 Rb8 18.Bb5 Nxb5 19.axb5 b6 ( 19...Qb6 {!?} )
20.O-O Rc8 21.Rac1 Qc4 22.Qxc4 Rxc4 23.Nd2 Bxb5 {interessant mais faux, la position noire avec l'aile roi paralysée ne devrait de toutes façons pas tenir très longtemps;}
( 23...Rc8 24.c4 ) 24.Rb1 Bd7 25.Nxc4 dxc4 26.Rxb6 1-0

[Event "Minimes"]
[Site "?"]
[Date "2007.??.??"]
[Round "4"]
[White "Iwanesko Alexandre"]
[Black "Ouerk Yanis"]
[Result "1/2-1/2"]
[WhiteElo "1842"]
[BlackElo "1199"]
[Annotator ",Michko"]
[Source ""]
[Remark ""]

1.c4 Nf6 2.Nf3 g6 3.g3 Bg7 4.Bg2 d6 5.Nc3 O-O 6.O-O Nc6 7.Rb1
a5 {?!} { inutile car on ne peut stopper la poussée b2-b4 et la colonne"a" finit
pratiquement toujours -à cause de la pression sur la diagonale g2-a8- par retomber dans les mains des Blancs.}
8.a3 Ne8 9.d3 Kh8 10.Bd2 e5 11.b4 axb4 12.axb4 f5 13.b5 Ne7 14.Ne1
Ng8 15.Nc2 Rb8 16.Nb4 Bd7 17.Ra1 { voir le commentaire précédent.}
Qc8 18.Nbd5 Qd8 19.Nb4 Qc8 20.Qc2 c6 21.bxc6 bxc6 22.Rfb1 Ne7
23.Ra7 Nc7 24.Bg5 Bf6 25.Bxf6+ Rxf6 26.Raa1 Ne6 27.Qd1 Rf8 28.Nc2
Rxb1 29.Qxb1 Nc7 30.Ra7 d5 31.Qb7 Qxb7 32.Rxb7 Rc8 33.Na4 dxc4
34.Nb6 cxd3 35.exd3 Ned5 {
 Jusqu'à présent, dans cette partie contre le dangereux prétendant - et
brillant futur qualifié - Yanis Ouerk , doté d'un classement elo de 1199
surréaliste ou plutôt "sous-réaliste", Alexandre Iwanesko  a bien rèussi sa
stratégie de partie Anglaise:  - Ouverture de l'aile dame sur laquelle frappe
le puissant Fou g2.  - Invasion de la 7ème rangée par la tour blanche.  - Absence du contre-jeu classique contre le roi blanc.}
{%08DA} 36.Nxd5 {?} ( 36.Nxc8 $18 ) ( 36.Nxd7 $18 {
 sont parfaitement décisifs mais Alexandre est victime d'une hallucination car
il croit que le Cd5 attaque la Tb7 ??? et donc il l'échange....} ) 1/2-1/2